LEADER 03890oam 2200649I 450 001 9910462190703321 005 20210113181747.0 010 $a0-429-89735-9 010 $a0-429-47258-7 010 $a1-280-12563-2 010 $a9786613529497 010 $a1-84940-144-6 024 7 $a10.4324/9780429472589 035 $a(CKB)2670000000161969 035 $a(EBL)765000 035 $a(OCoLC)781613935 035 $a(SSID)ssj0000943311 035 $a(PQKBManifestationID)11515185 035 $a(PQKBTitleCode)TC0000943311 035 $a(PQKBWorkID)10977171 035 $a(PQKB)11432559 035 $a(MiAaPQ)EBC765000 035 $a(OCoLC)1029248716 035 $a(EXLCZ)992670000000161969 100 $a20180706d2018 uy 0 101 0 $aeng 181 $ctxt 182 $cc 183 $acr 200 10$aBridges $emetaphor for psychic processes /$fRosemary Gordon ; foreword by Mario Jacoby ; preface by Michael Fordham 205 $aFirst edition. 210 1$aLondon :$cRoutledge,$d2018. 215 $a1 online resource (455 p.) 300 $aDescription based upon print version of record. 311 $a0-367-32358-3 311 $a1-85575-026-0 327 $aCOVER; CONTENTS; ACKNOWLEDGEMENTS; FOREWORD; PREFACE; Introduction; PROLOGUE; Chapter 1. Jung: rebel son or prophet?; Chapter 2. Conflict: combat or dance of the soul?; Chapter 3. The role of self-awareness in a changing culture; Chapter 4. Moral values and analytic insights; PART ONE: BRIDGES: INTRAPSYCHIC STRUCTURES AND FUNCTIONS; Chapter 5. Penis as bridge; Chapter 6. Gods and deintegrates; Chapter 7. Archetypes on the couch; Chapter 8. The location of archetypal experience; Chapter 9. Big self, little self, and individuation; Chapter 10. The drive towards death: a vector of the self 327 $aChapter 11. Symbols: content and process PART TWO: BRIDGES BROKEN: CLINICAL EXPERIENCE AND PRACTICE; Chapter 12. Projective identification; Chapter 13. Transference as fulcrum of analysis; Chapter 14. Countertransference: the twinning of Eros and Agape; Chapter 15. Narcissism and the self: who am I that I love?; Chapter 16. Masochism: the shadow of veneration and worship; Chapter 17. Paedophilia: normal and abnormal; Chapter 18. Curing and healing; PART THREE: BRIDGES BUILT: CREATIVITY AND THE ARTS; Chapter 19. Birth and creativity; Chapter 20. Creativity and therapy 327 $aChapter 21. Creativity and archetype Chapter 22. Theatre: out there and in here; Chapter 23. Look! He has come through! D. H. Lawrence's conflicts as pathfinders towards individuation; Chapter 24. Jung's concept of synchronicity; Chapter 25. Creativity in the second half of life; A Last View-Over the Bridge; REFERENCES; INDEX 330 $a'In a time when interdisciplinary theory has too often been content merely to splice together the tag ends of opposed psychoanalytic ideas, Rosemary Gordon emerges as a true builder of psychological bridges. The basis of her thinking offers the traveler not only safe passage between Freud and Jung and Winnicott and Klein, but also stunningly beautiful views of the still untrammeled depths of human experience that stretch between and below what these great pioneers and their followers have so far managed to develop.'- John E. Beebe'It is a pleasure and an honor to have been asked to write some 606 $aCreative ability 606 $aJung, C. G. (Carl Gustav), 1875-1961 606 $aPsychoanalysis 608 $aElectronic books. 615 4$aCreative ability. 615 4$aJung, C. G. (Carl Gustav), 1875-1961. 615 4$aPsychoanalysis. 676 $a150.19/54 676 $a150.1954 700 $aGordon$b Rosemary$0848185 712 02$aebrary, Inc 801 0$bFlBoTFG 801 1$bFlBoTFG 906 $aBOOK 912 $a9910462190703321 996 $aBridges$91894285 997 $aUNINA LEADER 01279nam a2200349 i 4500 001 991000820829707536 005 20020507174016.0 008 940518s1984 ||| ||| | eng 020 $a3540128824 035 $ab10761780-39ule_inst 035 $aLE01302814$9ExL 040 $aDip.to Matematica$beng 082 0 $a510 084 $aAMS 53-06 084 $aAMS 57-XX 084 $aAMS 81E (1985) 084 $aQA3 100 1 $aNaveira, Antonio M.$058738 245 10$aDifferential geometry :$bproc. of the intern. symp. held at Peniscola, Spain, October 3-10, 1982 /$ced. by A. M. Naveira 260 $aBerlin ; New York :$bSpringer-Verlag,$c1984 300 $aviii, 194 p. ;$c25 cm. 490 0 $aLecture notes in mathematics,$x0075-8434 ;$v1045 500 $aIn English and French. 500 $aIncludes bibliographies. 500 $aProceedings of the Symposium on Differential Geometry 650 4$aDifferential geometry$xCongresses 907 $a.b10761780$b23-02-17$c28-06-02 912 $a991000820829707536 945 $aLE013 53-XX NAV11 (1984)$g1$i2013000132495$lle013$o-$pE0.00$q-$rl$s- $t0$u2$v0$w2$x0$y.i10857084$z28-06-02 996 $aDifferential geometry$9383785 997 $aUNISALENTO 998 $ale013$b01-01-94$cm$da $e-$feng$gxx $h0$i1